[Event "Festival International des Jeux 2005"]
[Site "Cannes"]
[Date "2005.02.24"]
[Round "7.2"]
[White "Jovanic, Ognjen"]
[Black "Zelcic, Robert"]
[Result "1/2-1/2"]
[WhiteElo "2477"]
[BlackElo "2514"]
[PlyCount "80"]
[EventDate "2005.??.??"]

1. d4 Nf6 2. c4 e6 3. Nf3 Bb4+ 4. Nbd2 b6 5. e3 O-O 6. Bd3 d5 7. O-O Ba6 8. b3
c5 9. dxc5 bxc5 10. Bb2 Nc6 11. Qe2 Bxd2 12. Nxd2 Nb4 13. Rfc1 Qe7 14. Ba3 Rfd8
15. Bxb4 cxb4 16. e4 dxc4 17. Bxc4 Bb7 18. f3 Rd4 19. Nf1 Rad8 20. Rc2 h5 21.
Qf2 Qd6 22. Ne3 Ba6 23. Re1 Qb6 24. Bxa6 Qxa6 25. Nc4 Rd1 26. h4 Qb5 27. Rxd1
Rxd1+ 28. Kh2 Qb8+ 29. g3 Nd7 30. Qe2 Rd4 31. Rd2 e5 32. Qe3 Rxd2+ 33. Qxd2 Qb5
34. Qd6 f6 35. Qe6+ Kf8 36. Qd6+ Kg8 37. Qe7 Nb6 38. Qe6+ Kf8 39. Qd6+ Kg8 40.
Qe6+ Kf8 1/2-1/2

[Event "Festival International des Jeux 2005"]
[Site "Cannes"]
[Date "2005.02.24"]
[Round "7.3"]
[White "Delchev, Aleksander"]
[Black "Tratar, Marko"]
[Result "1-0"]
[WhiteElo "2597"]
[BlackElo "2469"]
[PlyCount "81"]
[EventDate "2005.??.??"]

1. e4 d6 2. d4 Nf6 3. Nc3 e5 4. Nf3 Nbd7 5. Bc4 Be7 6. O-O O-O 7. Re1 a6 8. a4
b6 9. Ne2 Bb7 10. Ng3 Re8 11. dxe5 Nxe5 12. Nxe5 dxe5 13. Qf3 Rf8 14. b3 Bc8
15. Rd1 Bd6 16. h3 h6 17. Nh5 Nxh5 18. Qxh5 Be6 19. Bxe6 fxe6 20. Be3 Qe7 21.
Qg4 Kh7 22. Rd2 b5 23. Qe2 Bb4 24. Rd3 Bd6 25. Rc3 Bb4 26. Rc6 Qd7 27. axb5
axb5 28. Rca6 Rxa6 29. Rxa6 Rb8 30. h4 Qc8 31. Ra7 Rb7 32. Ra1 Qe8 33. h5 Rb8
34. Qg4 Rb7 35. Ra6 Bd6 36. c4 bxc4 37. bxc4 Rb8 38. c5 Qb5 39. Ra7 Bxc5 40.
Rxc7 Bf8 41. Bxh6 1-0

[Event "Festival International des Jeux 2005"]
[Site "Cannes"]
[Date "2005.02.24"]
[Round "7.4"]
[White "Nevednichy, Vladislav"]
[Black "Krumpacnik, Domen"]
[Result "1-0"]
[WhiteElo "2559"]
[BlackElo "2364"]
[PlyCount "120"]
[EventDate "2005.??.??"]

1. e4 c5 2. Nf3 Nc6 3. Bb5 g6 4. Bxc6 dxc6 5. d3 Bg7 6. h3 Nf6 7. Nc3 Nd7 8.
Be3 b6 9. Qd2 h6 10. a3 e5 11. O-O Qe7 12. Rab1 a5 13. Rfe1 Ba6 14. Na4 Bb5 15.
Nc3 Ba6 16. b3 h5 17. Ne2 O-O 18. Bh6 Rfe8 19. Bxg7 Kxg7 20. Nh2 Rad8 21. Qc3
Qf6 22. Rf1 Nf8 23. f4 exf4 24. Qxf6+ Kxf6 25. Nxf4 Kg7 26. Nf3 Ne6 27. Nxe6+
Rxe6 28. Ng5 Re7 29. Rxf7+ Rxf7 30. Ne6+ Kf6 31. Nxd8 Rc7 32. Rf1+ Ke5 33. h4
Bc8 34. c3 Bg4 35. Nf7+ Ke6 36. Ng5+ Ke5 37. Kf2 a4 38. bxa4 Ra7 39. Rb1 Rxa4
40. Rxb6 Kd6 41. Rb3 Bd1 42. Rb2 Rxa3 43. Rd2 Bg4 44. Rc2 Bd1 45. Rd2 Bg4 46.
c4 Ra1 47. Ke3 Rh1 48. Nf3 Ke6 49. Ng5+ Ke5 50. Nf7+ Ke6 51. Nd8+ Ke7 52. Nxc6+
Kd6 53. Na5 Rxh4 54. Rb2 Rh2 55. Kf4 Bd7 56. Rb6+ Kc7 57. Rxg6 h4 58. Nb3 h3
59. gxh3 Rxh3 60. Nxc5 Be8 1-0

[Event "Festival International des Jeux 2005"]
[Site "Cannes"]
[Date "2005.02.24"]
[Round "7.6"]
[White "Drazic, Sinisa"]
[Black "Sanchez, Joseph"]
[Result "1/2-1/2"]
[WhiteElo "2489"]
[BlackElo "2430"]
[PlyCount "35"]
[EventDate "2005.??.??"]

1. d4 d5 2. Bg5 h6 3. Bh4 c6 4. e3 Qb6 5. b3 e5 6. Nf3 e4 7. Nfd2 Be7 8. Bg3
Be6 9. c4 Qd8 10. Nc3 Bd6 11. cxd5 cxd5 12. Bxd6 Qxd6 13. Nb5 Qe7 14. Rc1 Nc6
15. Be2 Nf6 16. O-O O-O 17. Qc2 a6 18. Nc3 1/2-1/2

[Event "Festival International des Jeux 2005"]
[Site "Cannes"]
[Date "2005.02.24"]
[Round "7.7"]
[White "Jankovic, Alojzije"]
[Black "Berescu, Alin"]
[Result "1-0"]
[WhiteElo "2477"]
[BlackElo "2424"]
[PlyCount "79"]
[EventDate "2005.??.??"]

1. d4 e6 2. c4 Nf6 3. Nf3 Bb4+ 4. Nbd2 d5 5. Qa4+ Nc6 6. a3 Be7 7. e3 O-O 8.
Bd3 a6 9. Qc2 h6 10. b3 b6 11. Bb2 Bb7 12. O-O Re8 13. Rac1 Rc8 14. Rfd1 Nb8
15. c5 bxc5 16. dxc5 Nfd7 17. b4 Bf6 18. Nb3 Bxb2 19. Qxb2 Bc6 20. Na5 Ba4 21.
Bc2 Bxc2 22. Rxc2 Qf6 23. Qxf6 gxf6 24. c6 Nb6 25. Nd4 Kf8 26. Ndb3 Ke7 27. Nc5
Rg8 28. f3 f5 29. a4 Rg6 30. b5 axb5 31. axb5 e5 32. Nd3 f6 33. Nb4 Ke6 34. Nb3
f4 35. Nxd5 Nxd5 36. Nc5+ Ke7 37. Rxd5 fxe3 38. Rd3 Rd8 39. Rxd8 Kxd8 40. Re2
1-0

[Event "Festival International des Jeux 2005"]
[Site "Cannes"]
[Date "2005.02.24"]
[Round "7.8"]
[White "Jourde, Michel"]
[Black "Sulava, Nenad"]
[Result "0-1"]
[WhiteElo "1762"]
[BlackElo "2470"]
[PlyCount "76"]
[EventDate "2005.??.??"]

1. e4 c5 2. d4 cxd4 3. c3 Nf6 4. e5 Nd5 5. Bc4 Qc7 6. Qxd4 Nb6 7. Bb3 Nc6 8.
Qd1 Nxe5 9. Nf3 e6 10. O-O Nxf3+ 11. Qxf3 d5 12. Bf4 Bd6 13. Bxd6 Qxd6 14. Nd2
O-O 15. Rad1 Bd7 16. Bc2 f5 17. Rfe1 e5 18. Qg3 Rae8 19. Nf3 f4 20. Qg5 h6 21.
Qh5 Re7 22. Qg6 Qxg6 23. Bxg6 e4 24. Nd4 Re5 25. Nf3 Re6 26. Nh4 Rff6 27. Bf5
Rd6 28. Bg6 Rxg6 29. Nxg6 Rxg6 30. Rd4 f3 31. g3 Rc6 32. Rc1 Kf7 33. b3 Ke6 34.
h3 Ke5 35. Kh2 h5 36. Rc2 Rxc3 37. Rxe4+ Kxe4 38. Rxc3 d4 0-1

[Event "Festival International des Jeux 2005"]
[Site "Cannes"]
[Date "2005.02.24"]
[Round "7.10"]
[White "Palac, Mladen"]
[Black "Sarno, Spartaco"]
[Result "1/2-1/2"]
[WhiteElo "2575"]
[BlackElo "2380"]
[PlyCount "86"]
[EventDate "2005.??.??"]

1. e4 d6 2. d4 Nf6 3. Nc3 g6 4. Bg5 Bg7 5. Qd2 O-O 6. f4 c6 7. Bd3 b5 8. Nf3
Bg4 9. O-O Qb6 10. Ne2 Nbd7 11. Kh1 c5 12. c3 cxd4 13. cxd4 d5 14. e5 Ne4 15.
Qb4 f6 16. Bh4 Rab8 17. h3 a5 18. Qe1 Bf5 19. Rd1 b4 20. g4 Be6 21. Ng3 g5 22.
exf6 gxh4 23. Nxe4 dxe4 24. fxg7 Rxf4 25. Nxh4 Rxf1+ 26. Bxf1 Nf6 27. Bg2 Qd6
28. Qe3 Bxg4 29. Rf1 Be6 30. Nf5 Bxf5 31. Rxf5 Kxg7 32. Bxe4 Kh8 33. Bg2 Rd8
34. Rxa5 Qxd4 35. Qxe7 Re8 36. Ra8 Rxa8 37. Bxa8 Qxb2 38. Qf8+ Ng8 39. Qf7 Qa1+
40. Kg2 Qb2+ 41. Kh1 Qa1+ 42. Kg2 Qb2+ 43. Kg3 Qe5+ 1/2-1/2

[Event "Festival International des Jeux 2005"]
[Site "Cannes"]
[Date "2005.02.25"]
[Round "8.1"]
[White "Zhang, Pengxiang"]
[Black "Delchev, Aleksander"]
[Result "1-0"]
[WhiteElo "2560"]
[BlackElo "2597"]
[PlyCount "119"]
[EventDate "2005.??.??"]

1. e4 c5 2. Nf3 e6 3. d4 cxd4 4. Nxd4 Nc6 5. Nc3 Qc7 6. f4 Nxd4 7. Qxd4 a6 8.
Be3 b5 9. O-O-O Bb7 10. Bd3 Rc8 11. Kb1 Nf6 12. e5 Nd5 13. Ne4 Qb8 14. Rhe1 Be7
15. f5 exf5 16. Nd6+ Bxd6 17. exd6 O-O 18. Bxf5 Rc4 19. Qd3 g6 20. Bh6 gxf5 21.
Qxf5 Qxd6 22. Bxf8 Kxf8 23. Rd3 Rf4 24. Qxh7 Qf6 25. Rg3 Ne7 26. Rge3 Rh4 27.
Qd3 Rd4 28. Qe2 Ng6 29. g3 Rd5 30. h4 d6 31. Rf3 Rd1+ 32. Qxd1 Bxf3 33. Qd2 Ne5
34. b3 Bh5 35. Qd4 Kg7 36. Re4 Nd7 37. Rf4 Qe5 38. Re4 Qf6 39. g4 Bg6 40. g5
Qxd4 41. Rxd4 Ne5 42. Rxd6 Nf3 43. Rxa6 Nxh4 44. Rb6 Nf3 45. Rxb5 Bxc2+ 46. Kb2
Bd3 47. Rc5 Kg6 48. Kc3 Be4 49. a4 Nxg5 50. a5 f5 51. a6 Ne6 52. Rc8 f4 53. a7
f3 54. Kd2 f2 55. Ke2 Nd4+ 56. Kxf2 Nxb3 57. Ke3 Bh1 58. Rc3 Na5 59. Rc5 Nb3
60. Rb5 1-0

[Event "Festival International des Jeux 2005"]
[Site "Cannes"]
[Date "2005.02.25"]
[Round "8.2"]
[White "Nevednichy, Vladislav"]
[Black "Jovanic, Ognjen"]
[Result "1-0"]
[WhiteElo "2559"]
[BlackElo "2477"]
[PlyCount "73"]
[EventDate "2005.??.??"]

1. e4 e5 2. Bc4 Nf6 3. d3 Nc6 4. Nf3 Bc5 5. c3 a6 6. Bb3 Ba7 7. Nbd2 d6 8. h3
O-O 9. Nf1 d5 10. exd5 Nxd5 11. Ng3 f6 12. O-O Be6 13. Re1 Qd7 14. a3 Rad8 15.
Bc2 Kh8 16. Qe2 Rde8 17. Qf1 g5 18. Kh1 Rg8 19. Nh2 Nce7 20. Ne4 Ref8 21. d4
exd4 22. cxd4 Ng6 23. Nc5 Bxc5 24. dxc5 Nh4 25. b4 c6 26. Bb2 Nf4 27. Be4 Bd5
28. Ng4 Nhxg2 29. Nxf6 Qg7 30. Bxd5 Nxe1 31. Bxg8 Ned3 32. Bc3 Rxf6 33. Bc4 Nd5
34. Bxd5 Nxf2+ 35. Kg2 cxd5 36. Bxf6 Qxf6 37. Qxf2 1-0

[Event "Festival International des Jeux 2005"]
[Site "Cannes"]
[Date "2005.02.25"]
[Round "8.4"]
[White "Sulava, Nenad"]
[Black "Jankovic, Alojzije"]
[Result "1/2-1/2"]
[WhiteElo "2470"]
[BlackElo "2477"]
[PlyCount "27"]
[EventDate "2005.??.??"]

1. d4 Nf6 2. Nf3 e6 3. g3 b5 4. Qd3 b4 5. a3 Ba6 6. Qb3 bxa3 7. Nxa3 d5 8. Bg5
c6 9. Bxf6 Qxf6 10. Ne5 Bd6 11. f4 O-O 12. e3 Bxe5 13. dxe5 Qe7 14. Nb1 1/2-1/2

[Event "Festival International des Jeux 2005"]
[Site "Cannes"]
[Date "2005.02.25"]
[Round "8.6"]
[White "Sanchez, Joseph"]
[Black "Rotstein, Arkadij"]
[Result "0-1"]
[WhiteElo "2430"]
[BlackElo "2528"]
[PlyCount "60"]
[EventDate "2005.??.??"]

1. e4 c5 2. Nf3 e6 3. d4 cxd4 4. Nxd4 Nf6 5. Nc3 d6 6. Be3 a6 7. f3 Be7 8. Qd2
O-O 9. g4 Nc6 10. O-O-O Nd7 11. h4 Nde5 12. Be2 b5 13. Nxc6 Nxc6 14. g5 Qa5 15.
g6 fxg6 16. Bg5 b4 17. Bxe7 bxc3 18. Qxd6 Nxe7 19. Qxe7 Rb8 20. bxc3 Qxc3 21.
Bd3 Rb2 22. Rdf1 Rxa2 23. Kd1 Qd4 24. Ke2 Bd7 25. Rb1 Re8 26. Qb4 Rxc2+ 27.
Bxc2 Bb5+ 28. Bd3 Bxd3+ 29. Kd2 Bc4+ 30. Kc2 Rc8 0-1

[Event "Festival International des Jeux 2005"]
[Site "Cannes"]
[Date "2005.02.25"]
[Round "8.9"]
[White "Bellia, Fabrizio"]
[Black "Dunis, Aurelien"]
[Result "1/2-1/2"]
[WhiteElo "2407"]
[BlackElo "2462"]
[PlyCount "45"]
[EventDate "2005.??.??"]

1. e4 c5 2. c3 Nf6 3. e5 Nd5 4. d4 cxd4 5. Nf3 e6 6. cxd4 d6 7. Bc4 Nc6 8. O-O
Be7 9. Qe2 O-O 10. Nc3 dxe5 11. dxe5 Nxc3 12. bxc3 Qa5 13. Bd2 Rd8 14. Bd3 Bd7
15. Rab1 Qc7 16. Bg5 Be8 17. Qe4 g6 18. Bf6 Rd5 19. Qe3 Bc5 20. Qh6 Bf8 21. Qe3
Bc5 22. Qh6 Bf8 23. Qe3 1/2-1/2

[Event "Festival International des Jeux 2005"]
[Site "Cannes"]
[Date "2005.02.26"]
[Round "9.1"]
[White "Drazic, Sinisa"]
[Black "Zhang, Pengxiang"]
[Result "0-1"]
[WhiteElo "2489"]
[BlackElo "2560"]
[PlyCount "106"]
[EventDate "2005.??.??"]

1. d4 d5 2. Bg5 f6 3. Bh4 Nh6 4. f3 c5 5. dxc5 Nf5 6. Bf2 d4 7. g4 Ne3 8. Bxe3
dxe3 9. Qxd8+ Kxd8 10. Nc3 e5 11. O-O-O+ Bd7 12. f4 exf4 13. Bg2 Kc8 14. b4 a5
15. Nd5 Ra6 16. Nb6+ Rxb6 17. cxb6 Bxb4 18. h3 Bb5 19. c3 Bxc3 20. Rd5 Bc6 21.
Rc5 Bd4 22. Rc4 Bxb6 23. h4 Bc7 24. Bxc6 Nxc6 25. Nh3 f3 26. exf3 Ne5 27. Rc3
Nxf3 28. Rxe3 Nxh4 29. Re7 Rg8 30. Rd1 Ng6 31. Re4 Rd8 32. a4 h6 33. Rxd8+ Kxd8
34. Kc2 Kd7 35. Kb3 Ne5 36. Nf4 g5 37. Nh5 Ke6 38. Kc3 Bb6 39. Re2 Bc5 40. Kb3
Kf7 41. Rxe5 fxe5 42. Ng3 Kg6 43. Kc4 Bf2 44. Ne4 Be1 45. Nc5 h5 46. Nd3 Bg3
47. gxh5+ Kxh5 48. Kd5 g4 49. Ke4 Kh4 50. Nc5 Bf4 51. Nd3 g3 52. Kf3 Kh3 53.
Ne1 Bd2 0-1

[Event "Festival International des Jeux 2005"]
[Site "Cannes"]
[Date "2005.02.26"]
[Round "9.3"]
[White "Jankovic, Alojzije"]
[Black "Zelcic, Robert"]
[Result "1-0"]
[WhiteElo "2477"]
[BlackElo "2514"]
[PlyCount "41"]
[EventDate "2005.??.??"]

1. d4 e6 2. c4 c5 3. d5 exd5 4. cxd5 d6 5. e4 g6 6. Nf3 Bg7 7. Bd3 a6 8. O-O
Ne7 9. h3 O-O 10. Re1 Nd7 11. a4 f5 12. Nbd2 h6 13. Ra3 Nf6 14. e5 dxe5 15.
Nxe5 Kh7 16. Bc4 Nfxd5 17. Rd3 Qc7 18. Ndf3 Nb4 19. Rd6 Nc2 20. Rxg6 Nxg6 21.
Ng5+ 1-0